Biblioteca

El lugar de Santander en la historia nacional en el siglo XIX (Registro nro. 62577)

Detalles MARC
000 -LÍDER
Campo fijo de descripción fija 004840000a22001210004500
100 1# - ASIENTO PRINCIPAL--NOMBRE PERSONAL
Nombre personal Álvarez, Rodrigo
245 10 - TÍTULO
Título del Material El lugar de Santander en la historia nacional en el siglo XIX
300 ## - DESCRIPCIÓN FÍSICA
Extensión Vol.0, núm.2 ( , 2005), Páginas 82-84
500 ## - NOTA GENERAL
Nota General El autor habla de los logros y contribuciones del departamento de Santander en la historia y en la actualidad.
650 14 - ASIENTO SECUNDARIO DE MATERIA - TERMINO TEMÁTICO
Término temático o nombre geográfico como elemento de entrada HISTORIA-SANTANDER-GEOPOLÍTICA
773 0# - HOST ITEM ENTRY
Title Perfiles: revista de la comunidad académica UDES
942 ## - TIPO DE MATERIAL (KOHA)
Tipo de Item KOHA Artículos de Revista
Existencias
Estado de Material Estado de Perdido Estado de Dañado No para Préstamo Colección Biblioteca de Origen Biblioteca Permanente Fecha de Adquisición Total de Préstamos Signatura Topográfica Última vez visto Fecha de Remplazo Tipo de Material
        Colección de Hemeroteca Biblioteca FUSBC Biblioteca FUSBC 26/01/2016   26/01/2016 26/01/2016 Artículos de Revista

Biblioteca FUSBC | Teléfono: (57+4) 349 88 10 Ext. 141| WhatsApp (+57) 3005338115 
E-mail: biblioteca@unisbc.edu.co | Calle 76 87-14 Robledo Palenque, Medellín, Colombia

Con tecnología Koha